Рекомендации по уплотнению крупнопористых грунтов с большими скоростями фильтрующей воды инъекцией смол на основе фурилового спирта

Détails bibliographiques
Collectivité auteur: Всесоюзный научно-исследовательский институт гидротехники им. Б. Е. Веденеева
Langue:russe
Publié: Ленинград, [Б. и.], 1979
Sujets:
Format: Livre
KOHA link:https://koha.lib.tpu.ru/cgi-bin/koha/opac-detail.pl?biblionumber=369770

MARC

LEADER 00000nam0a2200000 4500
001 369770
005 20231102012221.0
035 |a (RuTPU)RU\TPU\retro\27177 
035 |a RU\TPU\retro\27176 
090 |a 369770 
100 |a 20220602d1979 km y0rusy50 ca 
101 0 |a rus 
102 |a RU 
105 |a a z 000zy 
200 1 |a Рекомендации по уплотнению крупнопористых грунтов с большими скоростями фильтрующей воды инъекцией смол на основе фурилового спирта  |f Всесоюзный научно-исследовательский институт гидротехники им. Б. Е. Веденеева 
210 |a Ленинград  |c [Б. и.]  |d 1979 
215 |a 16 с.  |c ил. 
606 1 |a Грунты  |x Уплотнение  |2 stltpush  |3 (RuTPU)RU\TPU\subj\32132  |9 54782 
610 1 |a проекты 
610 1 |a состав 
610 1 |a смеси 
610 1 |a материалы 
610 1 |a лабораторный контроль 
610 1 |a изыскательские работы 
610 1 |a техника безопасности 
610 1 |a рекомендации 
675 |a 624.138.2  |v 4 
712 0 2 |a Всесоюзный научно-исследовательский институт гидротехники им. Б. Е. Веденеева  |2 stltpush  |3 (RuTPU)RU\TPU\col\11485  |9 25125 
801 1 |a RU  |b 63413507  |c 20220602 
801 2 |a RU  |b 63413507  |c 20220602  |g RCR 
942 |c BK